| 000 | 00500nam a22001457a 4500 | ||
|---|---|---|---|
| 003 | 0 | ||
| 005 | 20221017125735.0 | ||
| 008 | 221017b xxu||||| |||| 00| 0 eng d | ||
| 050 |
_aTS161 _b.C78 2019 |
||
| 245 |
_aMicrosoft OS EOL (operating system and of life) project plan for a logistics firm _cDiego B. Cruz III |
||
| 260 |
_aLas Pinas City, Philippines _bSouthville International School and Colleges _cC2019 |
||
| 300 |
_aviii,62pp. _c28cm. _fTheses |
||
| 500 | _aOperating system. | ||
| 942 |
_2lcc _cTH |
||
| 999 |
_c364856 _d364856 |
||